Statistics for Faith in Other Languages

Click here to take the quiz!

General Stats

  • This quiz has been taken 45 times
  • The average score is 9 of 20

Answer Stats

FaithLanguage FamilyLanguage% Correct
GlaubenGermanicGerman
92%
fedeItalicItalian
89%
foiItalicFrench
84%
إيمانSemiticArabic
68%
אֱמוּנָהSemiticHebrew
66%
ItalicPortuguese
63%
lòng tinVieticVietnamese
61%
uskoFinnicFinnish
58%
imanMalayo-PolynesianMalay
55%
credinţăItalicRomanian
53%
ffyddCelticWelsh
50%
גלויבןGermanicYiddish
50%
عقیدہIndo-IranianUrdu
47%
ایمانIndo-IranianPashto
24%
pananampalatayaMalayo-PolynesianFilipino
16%
fidiSemiticMaltese
16%
विश्वासIndo-IranianNepali
11%
віраBalto-SlavicUkranian
8%
GlawenGermanicLuxembourgish
5%
ukholoAtlantic–CongoZulu
3%

Score Distribution

Percentile by Number Answered

Percent of People with Each Score

Your Score History

You have not taken this quiz